Statistics for Phish Discography

Click here to take the quiz!

General Stats

  • This quiz has been taken 7 times
  • The average score is 37 of 120

Answer Stats

Type Year Name % Correct
Cassette1986Phish
100%
Album1989Junta
100%
Album2014Fuego
86%
Album2004Undermind
86%
Album2000Farmhouse
86%
Album1998The Story of the Ghost
86%
Album1996Billy Breathes
86%
Album2002Round Room
86%
Album1993Rift
86%
Album1992A Picture of Nectar
86%
Album1990Lawn Boy
86%
Live Album1995A Live One
71%
Album1994Hoist
71%
Album2009Joy
71%
Live Album2002Live Phish Volume 16
57%
Live Album2003Live Phish Volume 17
57%
Live Album2003Live Phish Volume 19
57%
Live Album2003Live Phish Volume 20
57%
Live Album2015Amsterdam
57%
Live Album2005Live Phish 04.02.98
57%
Live Album2004Live Phish 02.28.03
57%
Live Album2004Live Phish 07.15.03
57%
Live Album2004Live Phish 07.29.03
57%
Live Album2002Live Phish Volume 14
57%
Live Album2005Live Phish 04.03.98
57%
Live Album2005Live Phish 04.04.98
57%
Live Album2005Live Phish 04.05.98
57%
Unreleased Album1987The Man Who Stepped into Yesterday
57%
Live Album2002Live Phish Volume 15
57%
Live Album2003Live Phish Volume 18
57%
Live Album2002Live Phish Volume 13
57%
Live Album2001Live Phish Volume 5
57%
Live Album1997Slip Stitch and Pass
57%
Live Album2002Live Phish Volume 12
57%
Documentary2000Bittersweet Motel
57%
Live Album2001Live Phish Volume 1
57%
Live Album2001Live Phish Volume 2
57%
Live Album2001Live Phish Volume 3
57%
Live Album2001Live Phish Volume 4
57%
Compilation1999The Siket Disc
57%
Live Album2001Live Phish Volume 6
57%
Live Album2002Live Phish Volume 10
57%
Live Album2002Live Phish Volume 7
57%
Live Album2002Live Phish Volume 8
57%
Live Album2002Live Phish Volume 9
57%
Live Album2002Live Phish Volume 11
57%
Instrumental Album2002The Victor Disc
43%
Live Box Set2011Hampton/Winston-Salem '97
43%
Live Box Set1999Hampton Comes Alive
43%
Limited Edition Vinyl2009Party Time
29%
Live Album2007Vegas 96
29%
Concert Film2011Live in Utica
29%
Concert Film2008Phish: Walnut Creek
29%
Live Album2013Ventura
29%
Live Album2013Niagara Falls
29%
Concert Film2004It
29%
Live Album2011Live Bait Vol. 04 - Past Summers
14%
DVD Box Set2009The Clifford Ball
14%
Live Album2010Live Bait Vol.01 - Summer 2010 Leg 1
14%
Live Album2010Live Bait Vol.02 - Summer 2010 Leg 2
14%
Live Album2010Live Bait Vol. 03 - Worcester Sampler
14%
Concert Film2010Coral Sky
14%
Concert Film2010Alpine Valley 2010
14%
Live Album2015Live Bait Vol. 11
14%
Live Album2011Live Bait Vol. 05 - Festival Sampler
14%
Live Album2016Live Bait Vol. 12
14%
Live Album2011Live Bait Vol. 06 - Colorado Sampler
14%
Live Album2013Live Bait Vol. 09
14%
Live Album2017Live Bait Vol. 13
14%
Live Album2012Live Bait Vol. 07 - 2012 Leg 1 Past Summers Compilation
14%
Live Album2014Live Bait Vol. 10
14%
Live Album2012Live Bait Vol. 08 - 2012 Leg 2 Past Summers Compilation
14%
Concert Film2012Star Lake 98
14%
Live Album2012Chicago '94
14%
Live Album2006Phish: Live in Brooklyn
14%
Live Box Set2008At the Roxy
14%
Live Album2006Colorado '88
14%
Documentary1994Tracking
14%
Compilation1996Stash
14%
Concert Film2002Phish: Live in Vegas
14%
Live Album2005Phish: New Year's Eve 1995 – Live at Madison Square Garden
14%
Live Album2007Live Phish Downloads 03.18.97
0%
Live Album2010Live Phish Downloads 11.02.96
0%
Live Album2003Live Phish Downloads 05.08.93
0%
Live Album2003Live Phish Downloads 12.01.92
0%
Live Album2014Live Phish Downloads 08.07.93
0%
Live Album2015Live Phish Downloads 12.16.99
0%
Live Album2015Live Phish Downloads 12.12.92
0%
Live Album2003Live Phish Downloads 10.31.90
0%
Live Album2015Live Phish Downloads 11.22.94
0%
Live Album2004Live Phish Downloads 12.07.97
0%
Live Album2016Live Phish Downloads 11.07.96
0%
Live Album2016Live Phish Downloads 09.14.99
0%
Live Album2008Live Phish Downloads 07.06.98
0%
Live Album2017Live Phish Downloads 06.26.95
0%
Live Album2017Live Phish Downloads 05.17.92
0%
Live Album2017Live Phish Downloads 06.17.94
0%
Live Album2010Live Phish Downloads 11.19.92
0%
Live Album2003Live Phish Downloads 10.07.00
0%
Documentary2004Specimens of Beauty
0%
Concert Film2010Phish 3D
0%
Live Album2011Live Phish Downloads 12.31.91
0%
Live Album2007Live Phish Downloads 12.01.95
0%
Live Album2007Live Phish Downloads 11.14.95
0%
Live Album2011Live Phish Japan Relief
0%
Live Album2007Live Phish Downloads 10.21.95
0%
Live Album2007Live Phish Downloads 08.13.93
0%
Live Album2006Live Phish Downloads 12.29.97
0%
Live Album2006Live Phish Downloads: Headphones Jam
0%
Live Album2008Live Phish Downloads 12.30.97
0%
Live Album2013Live Phish Downloads 06.20.95
0%
Live Album2005Live Phish New Orleans Relief
0%
Live Album2005Live Phish Downloads 12.01.94
0%
Live Album2005Live Phish Downloads 11.30.94
0%
Live Album2012Live Phish Downloads 12.06.97
0%
Live Album2012Live Phish Downloads 08.11.98
0%
Live Album2008Live Phish Downloads 07.22.97
0%
Live Album2013Live Phish Downloads 05.03.93
0%
Live Box Set2017St. Louis '93
0%

Score Distribution

Percentile by Number Answered

Percent of People with Each Score

Your Score History

You have not taken this quiz